Retablo /
Guardado en:
| Autor Principal: | |
|---|---|
| Formato: | Libro |
| Publicado: |
Caracas :
Direccion De Cultura Del Ministerio De Educacion, 0
|
| Materias: | |
| Etiquetas: |
Agregar Etiqueta
Sin Etiquetas, Sea el primero en etiquetar este registro!
|
| LEADER | 00492nam a22001455a 4500 | ||
|---|---|---|---|
| 001 | EHU.bham019652 | ||
| 003 | AR-BHAM | ||
| 005 | 20101117174017.0 | ||
| 008 | 130507b######################000#0#####d | ||
| 082 | V | 8 | |a 861.08 |
| 100 | 1 | |a Armas Chitty, Jose Antonio De | |
| 245 | 1 | 0 | |a Retablo / |c Jose Antonio De Armas Chitty |
| 260 | |a Caracas : |b Direccion De Cultura Del Ministerio De Educacion, 0 | ||
| 653 | |a Poesia venezolana-colecciones | ||
| 859 | |a AR-BHAM |b BIB. HUMANIDADES - General |h V861.08 |i Ar54 |k V |p 170.58 |t Ej.1 | ||
